| 000 | 00555nam a2200181 a 4500 | ||
|---|---|---|---|
| 005 | 20250219135243.0 | ||
| 008 | 130416s2012 000 spa d | ||
| 020 | _a950-04-1191-1 | ||
| 082 | 1 | 4 |
_214 _a306.3 |
| 100 | 1 |
_921181 _aGalbraith, John Kenneth |
|
| 245 | 1 | 3 |
_aLa cultura de la satisfacción / _cJohn Kenneth Galbraith |
| 260 |
_aBuenos Aires: _bEmecé Editores, _c2012. |
||
| 300 | _a190 p. | ||
| 650 | 1 | 7 |
_94238 _aANTROPOLOGÍA CULTURAL _2unescot |
| 650 | 2 | 7 |
_9401 _aGLOBALIZACION _2unescot |
| 650 | 1 | 7 |
_92757 _aCONSUMO _2unescot |
| 942 |
_2ddc _cLIBRO |
||
| 999 |
_c10703 _d10703 |
||
| 980 |
_619226 _a Palazón Marcela I. _819226 _g Palazón Marcela I. |
||